000
00477nam a2200181Ia 4500
008
090124s9999 xx 000 0 und d
082
_b
120937
100
_a
साठे शंकर भाऊ
245
_a
सुगंधा
250
_a
1
260
_c
1985
300
_a
163
600
_a
साठे शंकर भाऊ
630
_a
सुगंधा
700
_a
साठे शंकर भाऊ
730
_a
सुगंधा
942
_c
BOOK
999
_c
167023
_d
167023